| 000 | 00408nam a2200145Ia 4500 | ||
|---|---|---|---|
| 008 | 240821s9999 xx 000 0 und d | ||
| 020 |
_a9780702076428 _qpbk |
||
| 082 |
_a618.2 _bMAR |
||
| 100 | _aMarshall, J. | ||
| 245 | 0 |
_aMyles Textbook For Midwives With Access Code 17Ed (Pb 2020) _c/ Marshall J. |
|
| 250 | _a17th edition | ||
| 260 |
_bElsevier _c2020 |
||
| 650 | _aMedical Science | ||
| 942 | _cENGLISH | ||
| 999 |
_c525244 _d525244 |
||